| 000 | 00705nam a2200229 i 4500 | ||
|---|---|---|---|
| 001 | 24029 | ||
| 003 | ES-MaACL | ||
| 005 | 20230906152956.0 | ||
| 007 | t| | ||
| 008 | 021213s1973 sp ||||1| spa d | ||
| 020 | _a84-320-6370-3 | ||
| 080 | _a860-311.2"19" | ||
| 100 | 1 |
_aAmo, Javier del. _921274 |
|
| 245 | 1 | 3 |
_aEl canto de las sirenas de Gaspar Hauser / _cJavier del Amo. |
| 260 |
_aBarcelona : _bPlaneta, _c[1973] |
||
| 300 |
_a177 p. ; _c20 cm. |
||
| 490 | 1 |
_aBiblioteca universal Planeta ; _v70. Fábula ; _v25 |
|
| 586 | _aPremio Café Colón de Almería | ||
| 830 | 1 |
_aBiblioteca universal Planeta ; _v70. Fábula ; _v25 _9182527 |
|
| 852 |
_aES-MaACL _jC-54054 |
||
| 999 |
_c24029 _d24029 |
||